000 00334nam a22001337a 4500
020 _a0-340-89462-8
082 _a823
_bBLY/F
100 _aENID BLYTON
245 _aTHE FAMOUS FIVE
_bFIVE FALL INTO ADVENTURE
260 _aGREAT BRITAIN
_bHODDER CHILDRENS BOOK
_c1945
300 _a250
650 _aADVENTURE
_zUNITED KINGDOM
942 _cBK
999 _c192
_d192